书目信息 |
| 题名: |
零起点西班牙语多媒体课堂
|
|
| 作者: | 付彩艳 著 | |
| 分册: | ||
| 出版信息: | 北京 中国水利水电出版社 2016 |
|
| 页数: | 250页 | |
| 开本: | 24cm | |
| 丛书名: | ||
| 单 册: | ||
| 中图分类: | H34 | |
| 科图分类: | ||
| 主题词: | 西班牙语--xi ban ya yu--自学参考资料 | |
| 电子资源: | ||
| ISBN: | 978-7-5170-4041-5 | |
| 000 | 00984nam0 22002531 450 | |
| 001 | 0122100838 | |
| 005 | 20170322100838.0 | |
| 010 | @a978-7-5170-4041-5@dCNY39.80 | |
| 100 | @a20160511d2016 em y0chiy50 ea | |
| 101 | 0 | @achi@aspa |
| 102 | @aCN@b110000 | |
| 105 | @aa z 000yy | |
| 106 | @ar | |
| 200 | 1 | @a零起点西班牙语多媒体课堂@9ling qi dian xi ban ya yu duo mei ti ke tang@e发音、词汇、句子、会话一本就够@f付彩艳著 |
| 210 | @a北京@c中国水利水电出版社@d2016 | |
| 215 | @a250页@c图@d24cm | |
| 300 | @a专为初学者设计的西班牙语入门书 | |
| 330 | @a本书就是为零基础的西班牙语学习者量身定做的西班牙语入门书。全书分为发音、词汇、句子、对话和语法5个篇章,令人一书在手,全面掌握西班牙语必学的基本内容。 | |
| 517 | 1 | @a发音、词汇、句子、会话一本就够@9fa yin ci hui ju zi hui hua yi ben jiu gou |
| 606 | 0 | @a西班牙语@9xi ban ya yu@j自学参考资料 |
| 690 | @aH34@v5 | |
| 701 | 0 | @a付彩艳@9fu cai yan@c(女)@4著 |
| 801 | 0 | @aCN@bTANGWEI@c20170308 |
| 905 | @b0960174-7@dH34@e20@f4 | |
| 零起点西班牙语多媒体课堂:发音、词汇、句子、会话一本就够/付彩艳著.-北京:中国水利水电出版社,2016 |
| 250页:图;24cm |
| 专为初学者设计的西班牙语入门书 |
| ISBN 978-7-5170-4041-5:CNY39.80 |
| 本书就是为零基础的西班牙语学习者量身定做的西班牙语入门书。全书分为发音、词汇、句子、对话和语法5个篇章,令人一书在手,全面掌握西班牙语必学的基本内容。 |
| ● |
| 相关链接 |
|
|
|
|
正题名:零起点西班牙语多媒体课堂
索取号:H34/20
 
预约/预借
| 序号 | 登录号 | 条形码 | 馆藏地/架位号 | 状态 | 备注 |
| 1 | 0960174 | 209601741 | 第二样本阅览室/ [索取号:H34/20] | 在馆 | |
| 2 | 0960175 | 209601750 | 第四借阅区/ [索取号:H34/20] | 在馆 | |
| 3 | 0960176 | 209601769 | 第四借阅区/ [索取号:H34/20] | 在馆 | |
| 4 | 0960177 | 209601778 | 第四借阅区/ [索取号:H34/20] | 在馆 |